[Event "Michigan Class D/E"]
[Site "Auburn Hills"]
[Date "2005.01.15"]
[Round "2.17"]
[White "Walsh, Jessica"]
[Black "Watkins, De Angelo"]
[Result "0-1"]
[WhiteElo "786"]
[BlackElo "1139"]
[PlyCount "27"]
[EventDate "2005.01.15"]
[EventType "swiss"]
[EventRounds "5"]
[EventCountry "USA"]
[SourceTitle "EXT 2006"]
[Source "ChessBase"]
[SourceDate "2005.11.24"]
[SourceVersion "1"]
[SourceVersionDate "2005.11.24"]
[SourceQuality "1"]

1. e4 e5 2. Bc4 Nf6 3. Nc3 Be7 4. d3 c6 5. Nf3 d5 6. exd5 cxd5 7. Nxd5 Nxd5 8. Nxe5 0-0 9. 0-0 Be6 10. Bf4 Nxf4 11. Qf3 Bxc4 12. Qxf4 Bd5 13. c4 Bc6 14. d4 0-1

[Event "Michigan Class D/E"]
[Site "Auburn Hills"]
[Date "2005.01.15"]
[Round "1.4"]
[White "Watkins, De Angelo"]
[Black "Faust, Scott"]
[Result "0-1"]
[WhiteElo "1139"]
[BlackElo "1383"]
[PlyCount "74"]
[EventDate "2005.01.15"]
[EventType "swiss"]
[EventRounds "5"]
[EventCountry "USA"]
[SourceTitle "EXT 2006"]
[Source "ChessBase"]
[SourceDate "2005.11.24"]
[SourceVersion "1"]
[SourceVersionDate "2005.11.24"]
[SourceQuality "1"]

1. e4 c5 2. Nf3 d6 3. Nc3 a6 4. Be2 Nc6 5. d4 cxd4 6. Nxd4 e5 7. Nf3 Nf6 8. Bg5 Be7 9. Bxf6 Bxf6 10. Nd5 0-0 11. Nxf6+ Qxf6 12. 0-0 Bg4 13. Re1 Rac8 14. c3 b5 15. a3 Rfd8 16. Qc2 Bxf3 17. Bxf3 Nd4 18. Qd3 Ne6 19. b4 Ng5 20. Bg4 Rc4 21. h3 g6 22. a4 h5 23. Be2 Nxe4 24. Bxh5 Qxf2+ 25. Kh2 Qf4+ 26. Kg1 gxh5 27. axb5 axb5 28. Rf1 Qd2 29. Qf3 Qf4 30. Qxh5 Qe3+ 31. Kh2 Rf8 32. Rae1 Qg3+ 33. Kg1 Ng5 34. Qh6 Rh4 35. Qxd6 Nxh3+ 36. Kh1 Nf2+ 37. Kg1 Rh1# 0-1